| 000 | 00521nam a2200181Ia 4500 | ||
|---|---|---|---|
| 001 | 959 | ||
| 005 | 20260306140556.0 | ||
| 008 | 260306t2022||||xx |||||||||||||| ||spa|| | ||
| 041 | _aESP | ||
| 082 |
_a174.4 _bQ62 |
||
| 100 |
_aQuintanilla Perea, Alejandro _eAUT |
||
| 245 | 0 |
_aActividad empresarial y derechos humanos: _bexigibilidad de implementación de sistemas de compliance en el Estado peruano |
|
| 260 | _c2022 | ||
| 300 |
_a110 páginas : _c20 cm. |
||
| 650 | _aGEN | ||
| 654 | _aCHU | ||
| 942 |
_cLIB _dJUS _fJUS _2ddc _n |
||
| 999 |
_c959 _d959 |
||